| 000 | 00703nam1a22002291i 4500 | ||
|---|---|---|---|
| 001 | rc\202104 | ||
| 005 | 20240723213615.0 | ||
| 010 | _a5300004928 | ||
| 035 | _a(NLR Aleph) 005621521 | ||
| 090 |
_a6499368 _c6499368 |
||
| 100 | _a20030307d1996 u |0rusy50 ca | ||
| 101 | 0 | _arus | |
| 102 | _aRU | ||
| 105 | _ay ||||||||| | ||
| 200 | 1 |
_aТолковый словарь русского языка _e[В 4 т.] _fПод ред. Д.Н. Ушакова |
|
| 210 |
_aМ. _cИзд. центр "Терра" _d1996 |
||
| 215 | _d22 | ||
| 702 | 1 |
_aУшаков _bД.Н. _gДмитрий Николаевич _4340 |
|
| 801 | 0 |
_aRU _bNLR _gpsbo |
|
| 801 | 1 |
_aRU _bELAR _2rusmarc |
|
| 852 |
_aNLR _bС _jК-2/6868 |
||
| 942 | _cBOOK | ||